LEADER 01156nam a2200265 i 4500 001 000000154079 003 CaOOAMICUS 005 20230529142208.0 008 090406n it u000 u ita u 040 $aSeMil$bita 100 1 $aRocca, Francesco <1932- >.$0(OLS)http://semarc/name/60282 245 12$aI giorni della diossina /$cFrancesco Rocca ; a cura del Centro studi A. Grandi. 264 1$a[S.l. :$bs.n.]$e(Monza :$fTipografica sociale,$g[19--?]) 300 $a139 p. :$bill. ;$c24 cm. 541 0 $aFondo card. Giovanni Colombo (3P I 106) 650 4$aSeveso - Disastro ambientale - ICMESA.$0(OLS)http://semarc/subject/37023 650 4$aInquinamento atmosferico.$0(OLS)http://semarc/subject/16079 650 4$aIndustria chimica - Effetti dannosi.$0(OLS)http://semarc/subject/31124 850 $aSeMil 852 $aSeMil$W1$xVenegono$y1$m3P I 106$j105942$B105942$CSeMilBibl$Z2$F142634 $81 941 1 $a3 961 $aLascito: Colombo Card. Giovanni 996 $6245$aI giorni della diossina$9(OLS)http://semarc/title/225449 996 $6264$a[S.l. :$bs.n.]$9(OLS)http://semarc/publisher/29751 LEADER 00492naa a2200133 i 4500 001 000000329917 003 CaOOAMICUS 005 20180831173629.0 008 180831n it u000 u ita u 013 $a41628 040 $aSeMil$bita 245 10$aFozio, Eunomio e i Padri Cappadoci. 773 0 $aCanfora, Luciano <1942- >$tFozio.$dBrescia : Morcelliana, 2000.$kLetteratura cristiana antica$z88-372-1774-9$gp.45-74$w()114313 996 $6245$aFozio, Eunomio e i Padri Cappadoci$9(OLS)http://semarc/title/418379